000 00636nam a22001217a 4500
040 _cRUA
082 _aAVM ROU 2025 B705 Or.1
100 _aROUN, SOTHEARA/ រួន សុធារ៉ា
245 _aCase of antibiotic resistance among eschericha coli isolated from chickens in tamoen commune, thmakol district, battambang province, ករណី ESCHERICHIA ស៊ាំនឹងឳសថអង់ទីប៊ីយ៉ូទិកលើមាន់នៅឃុំតាម៉ឺន ស្រុកថ្មគោល ខេត្តបាត់ដំបង
260 _aPHNOM PNH
_bRUA
_c2025
300 _ax,42p.
_bill.
942 _cAVM
999 _c25799
_d25799